000
00302nam a22001337a 4500
008
180316b xxu||||| |||| 00| 0 eng d
020
_a
9780071488488
041
_a
eng
080
_2
2nd
_a
37
100
_a
25
101
_a
EDU
245
_a
Writing great research papers
_c
Rozakis,L
942
_2
udc
_c
BK
999
_c
45223
_d
45223